Viscoelastic machine elements : elastomers and lubricants in machine systems /

Viscoelastic Machine Elements, which encompass elastomeric elements (rubber-like components), fluidic elements (lubricating squeeze films) and their combinations, are used for absorbing vibration, reducing friction and improving energy use. Examplesinclude pneumatic tyres, oil and lip seals, complia...

Full description

Bibliographic Details
Main Author: Moore, Desmond F. (Author)
Corporate Author: ScienceDirect (Online service)
Format: eBook
Language:English
Published: Oxford ; New York : Butterworths-Heinemann, 1993.
Subjects:
Online Access:Connect to the full text of this electronic book

MARC

Tag First Indicator Second Indicator Subfields
LEADER 00000cam a2200000 i 4500
001 in00005758024
005 20260326212323.6
006 m o d
007 cr cn|||||||||
008 930826s1993 enka ob 001 0 eng d
040 |a E7B  |b eng  |e rda  |e pn  |c E7B  |d OCLCO  |d YDXCP  |d OCLCF  |d OCLCQ  |d NLE  |d UKMGB  |d UKAHL  |d VLY  |d OCLCO  |d OCLCQ  |d OCLCO  |d OCLCL  |d OCLCQ 
015 |a GBB6H3446  |2 bnb 
016 7 |a 017568219  |2 Uk 
020 |a 9781483292045  |q (e-book) 
020 |a 1483292045  |q (e-book) 
020 |z 075061305X 
020 |z 9780750613057 
035 |a (OCoLC)896846170 
037 |a 9781483292045  |b Ingram Content Group 
050 4 |a TA418.2  |b .M66 1993eb 
082 0 4 |a 621.8/9  |2 20 
049 |a TXAM 
100 1 |a Moore, Desmond F.,  |e author. 
245 1 0 |a Viscoelastic machine elements :  |b elastomers and lubricants in machine systems /  |c Desmond F. Moore. 
264 1 |a Oxford ;  |a New York :  |b Butterworths-Heinemann,  |c 1993. 
300 |a 1 online resource (352 pages) :  |b illustrations 
336 |a text  |b txt  |2 rdacontent 
337 |a computer  |b c  |2 rdamedia 
338 |a online resource  |b cr  |2 rdacarrier 
504 |a Includes bibliographical references (pages 333-334) and index. 
588 0 |a Print version record. 
505 0 |a INCLUDE: Preface; Design methodology; Fundamentals of viscoelasticity; Elastomeric machine elements; Fluidic machine elements; Elasto-fluidic combination elements; Elastohydrodynamic interactions; New measurement techniques; Appendix; References; Bibliography; Index; 
520 |a Viscoelastic Machine Elements, which encompass elastomeric elements (rubber-like components), fluidic elements (lubricating squeeze films) and their combinations, are used for absorbing vibration, reducing friction and improving energy use. Examplesinclude pneumatic tyres, oil and lip seals, compliant bearings and races, and thin films. This book sets out to show that these elements can be incorporated in machine analysis, just as in the case of conventional elements (e.g. gears, cogs, chaindrives, bearings). This is achieved by introducing elementary theory and models, by describing new an. 
650 0 |a Viscoelasticity. 
650 0 |a Elastomers. 
650 0 |a Lubrication and lubricants. 
650 0 |a Machine parts. 
650 6 |a Viscoélasticité. 
650 6 |a Élastomères. 
650 6 |a Machines  |x Pièces. 
650 7 |a viscoelasticity.  |2 aat 
650 7 |a elastomer.  |2 aat 
650 7 |a Elastomers  |2 fast 
650 7 |a Lubrication and lubricants  |2 fast 
650 7 |a Machine parts  |2 fast 
650 7 |a Viscoelasticity  |2 fast 
655 7 |a Electronic books.  |2 local 
710 2 |a ScienceDirect (Online service) 
758 |i has work:  |a Viscoelastic machine elements (Text)  |1 https://id.oclc.org/worldcat/entity/E39PCY9WmC7rMgHh6qh3rhYfhd  |4 https://id.oclc.org/worldcat/ontology/hasWork 
776 0 8 |i Print version:  |a Moore, Desmond F.  |t Viscoelastic machine elements : elastomers and lubricants in machine systems.  |d Oxford : Butterworths-Heinemann, 1993  |h xx, 341 pages ; 24 cm.  |z 9780750613057  |w (DLC) 93197058 
856 4 0 |u http://proxy.library.tamu.edu/login?url=https://www.sciencedirect.com/science/book/9780750613057  |z Connect to the full text of this electronic book  |t 0 
936 |a BATCHLOAD 
955 |a Elsevier ScienceDirect 2026-2027 
994 |a 92  |b TXA 
999 f f |i 81065ac0-a9bd-4989-b1f3-069f6bb3d4fc  |s 1878634f-38e5-43a3-b262-bc7571ee36c1  |t 0 
952 f f |a Texas A&M University  |b College Station  |c Electronic Resources  |s www_evans  |d Available Online  |t 0  |e TA418.2 .M66 1993eb  |h Library of Congress classification 
998 f f |a TA418.2 .M66 1993eb  |t 0  |l Available Online